000 00712cam a22002414a 4500
001 2871
005 20250620095852.0
020 _a9780439350860
040 _aDLC
_cDLC
_dDLC
_beng
050 0 0 _aQE521.3
_b 2002
082 0 0 _a551.21
100 1 _aGutner, Howard
_d1954-
245 1 0 _aBoom! /
_cby Howard Gutner.
260 _aNew York :
_bScholastic,
_c2002
300 _a16 pages :
_bcolor illustrations ;
_c25 cm.
505 _aJ
520 _aReBelleSanz, SMELNY36Q, mesposito, juleereese, SeasideMandarin, TLCFiji
521 _a500
_bLexile
521 _aJ
_bRaz-Plus
650 0 _aVolcanoes
_vJuvenile literature.
906 _a7
_bcbc
_corignew
_d2
_encip
_f20
_gy-gencatlg
942 _2ddc
_cBK
_n0
999 _c2871
_d2871